Statistiken für German Cities with the biggest population

Klicken Sie hier um das Quiz zu spielen!

Allgemein

  • Dieses Quiz wurde 192 mal gespielt
  • Das Durchschnittsergebnis liegt bei 8 aus 10

Antwortstatistiken

PopulationCity% Korrekt
3.5 millionBerlin
100%
1.8 millionHamburg
98%
730,00Frankfurt
95%
1.4 millionMunich
90%
600,000Düsseldorf
84%
580,000Dortmund
75%
570,000Essen
74%
1.0 millionCologne
71%
610,000Stuttgart
71%
550,000Bremen
67%

Verteilung der Resultate

Perzentil nach korrekt beantworteten Fragen

Anzahl Personen mit jedem Resultat

Ihre Resultats-Entwicklung

Sie haben dieses Quiz noch nicht gespielt